[Event "Voronezh op-B 22nd"]
[Site "Voronezh"]
[Date "2018.06.19"]
[Round "8"]
[White "Kolyuzhnov, Vladislav"]
[Black "Koptev, Ruslan"]
[Result "1-0"]
[WhiteElo "1986"]
[BlackElo "1859"]
[PlyCount "69"]
[EventDate "2018.06.12"]
[EventType "swiss"]
[EventRounds "9"]
[EventCountry "RUS"]
[SourceTitle "CBM 185 Extra"]
[Source "ChessBase"]
[SourceDate "2018.07.29"]
[SourceVersion "1"]
[SourceVersionDate "2018.07.29"]
[SourceQuality "1"]

1. e4 e5 2. Nf3 Nc6 3. Bc4 Be7 4. 0-0 Nf6 5. Nc3 0-0 6. d4 d6 7. d5 Nb8 8. Ne1 Bg4 9. f3 Bh5 10. g4 Bg6 11. h4 h6 12. h5 Bh7 13. Qe2 c6 14. a4 Nbd7 15. Nd3 Nb6 16. Bb3 cxd5 17. exd5 Re8 18. a5 Nbd7 19. Be3 e4 20. fxe4 Nxe4 21. Nxe4 Bxe4 22. Qf2 Nf6 23. g5 hxg5 24. Bxg5 Qd7 25. Qh4 Bxd3 26. cxd3 Qg4+ 27. Qxg4 Nxg4 28. Bf4 Bf6 29. Bxd6 Re2 30. Bc5 Rae8 31. Bd1 R2e5 32. Bxg4 Rg5 33. Ra4 Bxb2 34. Rf5 Rxf5 35. Bxf5 1-0

[Event "Voronezh op-B 22nd"]
[Site "Voronezh"]
[Date "2018.06.17"]
[Round "6"]
[White "Kokueva, Alisa"]
[Black "Koptev, Ruslan"]
[Result "1/2-1/2"]
[WhiteElo "1586"]
[BlackElo "1859"]
[PlyCount "83"]
[EventDate "2018.06.12"]
[EventType "swiss"]
[EventRounds "9"]
[EventCountry "RUS"]
[SourceTitle "CBM 185 Extra"]
[Source "ChessBase"]
[SourceDate "2018.07.29"]
[SourceVersion "1"]
[SourceVersionDate "2018.07.29"]
[SourceQuality "1"]

1. e4 Nc6 2. d4 d5 3. e5 Bf5 4. h4 h6 5. g4 Bh7 6. Bd3 Bxd3 7. Qxd3 e6 8. f4 Qd7 9. Nd2 h5 10. gxh5 Rxh5 11. Ne2 Be7 12. Nf3 Qd8 13. f5 Rxf5 14. Ng5 Nh6 15. Ng3 Rxg5 16. hxg5 Bxg5 17. Bd2 Qe7 18. 0-0-0 0-0-0 19. Kb1 Ng4 20. Bxg5 Qxg5 21. Qd2 Qxd2 22. Rxd2 f6 23. Rh7 fxe5 24. Rxg7 Ne3 25. dxe5 Nxe5 26. Rh2 b6 27. Rhh7 Rd7 28. Rxd7 Nxd7 29. Kc1 c5 30. Ne2 e5 31. Nc3 a6 32. Rh3 d4 33. Ne4 Kc7 34. Rh7 Kc6 35. Rh6+ Kd5 36. Nf6+ Nxf6 37. Rxf6 Nc4 38. b3 Nd6 39. Rh6 e4 40. Rh5+ Kc6 41. Kd2 b5 42. Re5 1/2-1/2

[Event "Voronezh op-B 20th"]
[Site "Voronezh"]
[Date "2016.06.20"]
[Round "8"]
[White "Koptev, Ruslan"]
[Black "Naletov, Alexey"]
[Result "1-0"]
[WhiteElo "1652"]
[BlackElo "1999"]
[PlyCount "65"]
[EventDate "2016.06.12"]
[EventType "swiss"]
[EventRounds "9"]
[EventCountry "RUS"]
[SourceTitle "EXT 2017"]
[Source "ChessBase"]
[SourceDate "2016.10.25"]
[SourceVersion "1"]
[SourceVersionDate "2016.10.25"]
[SourceQuality "1"]

1. e4 g6 2. d4 Bg7 3. Nc3 c6 4. f4 d6 5. Nf3 Bg4 6. Be2 Bxf3 7. Bxf3 Qb6 8. Ne2 h5 9. c3 Nh6 10. Qb3 Qc7 11. 0-0 Nd7 12. f5 gxf5 13. Bxh5 Nf6 14. Rxf5 d5 15. Rg5 Nxh5 16. Rxh5 dxe4 17. Ng3 e6 18. Nxe4 0-0-0 19. g3 Ng4 20. Rg5 Rdg8 21. Rxg4 Bxd4+ 22. cxd4 Rxg4 23. Qf3 f5 24. Nc5 Qd6 25. Nb3 Rhg8 26. Kf2 Qd5 27. Qxd5 exd5 28. Bf4 b6 29. Re1 Kd7 30. Nd2 R4g7 31. Nf3 c5 32. Re5 Kc6 33. Rxf5 1-0

[Event "Voronezh op-B 20th"]
[Site "Voronezh"]
[Date "2016.06.13"]
[Round "2"]
[White "Ivanov, Nikolay A"]
[Black "Koptev, Ruslan"]
[Result "1-0"]
[WhiteElo "1893"]
[BlackElo "1652"]
[PlyCount "117"]
[EventDate "2016.06.12"]
[EventType "swiss"]
[EventRounds "9"]
[EventCountry "RUS"]
[SourceTitle "EXT 2017"]
[Source "ChessBase"]
[SourceDate "2016.10.25"]
[SourceVersion "1"]
[SourceVersionDate "2016.10.25"]
[SourceQuality "1"]

1. Nf3 Nf6 2. c4 g6 3. g3 Bg7 4. Bg2 d6 5. Nc3 0-0 6. d3 c6 7. Bg5 h6 8. Bd2 Nbd7 9. Qc1 h5 10. 0-0 Ng4 11. Rb1 a5 12. b3 Re8 13. a3 Nc5 14. b4 Na6 15. Ng5 Bd7 16. bxa5 Nc5 17. Nce4 Nxe4 18. Nxe4 f5 19. Nc3 Rxa5 20. Rxb7 Bc8 21. Rb3 Ra6 22. Qc2 e5 23. h3 Nf6 24. Bg5 Qc7 25. Rc1 Nd7 26. Be3 Rf8 27. Qd2 Kh7 28. a4 h4 29. Ra3 Nc5 30. Rf1 Qa5 31. Qc2 Qb4 32. Rfa1 f4 33. Bd2 e4 34. Be1 exd3 35. exd3 Qb6 36. Kh2 Bf5 37. Be4 Bxe4 38. dxe4 Be5 39. Rb1 fxg3+ 40. fxg3 Bxg3+ 41. Bxg3 hxg3+ 42. Kxg3 Qc7 43. Kg2 Qf7 44. Qe2 Ne6 45. Kh1 Nf4 46. Qg4 Ra7 47. Rab3 Nd3 48. Qh4+ Kg7 49. Rg1 Rh8 50. Qg3 Rxh3+ 51. Qxh3 Nf2+ 52. Kg2 Nxh3 53. Kxh3 Qxc4 54. Rgb1 Kf6 55. Kg3 Qd3+ 56. Kg2 Qd2+ 57. Kg3 Qe3+ 58. Kg2 Rh7 59. Nd5+ 1-0

[Event "Voronezh op-B 19th"]
[Site "Voronezh"]
[Date "2015.06.21"]
[Round "9"]
[White "Volovich, Vasily"]
[Black "Koptev, Ruslan"]
[Result "1/2-1/2"]
[WhiteElo "1839"]
[BlackElo "1637"]
[PlyCount "94"]
[EventDate "2015.06.12"]
[EventType "swiss"]
[EventRounds "9"]
[EventCountry "RUS"]
[SourceTitle "CBM 167 Extra"]
[Source "ChessBase"]
[SourceDate "2015.09.14"]
[SourceVersion "1"]
[SourceVersionDate "2015.09.14"]
[SourceQuality "1"]

1. e4 d6 2. d4 Nf6 3. Nc3 g6 4. Nf3 Bg7 5. Be2 0-0 6. 0-0 c6 7. Bg5 Nbd7 8. Qd2 b5 9. Bd3 e5 10. dxe5 dxe5 11. b4 a5 12. a3 Qe7 13. Rab1 Rd8 14. h3 Nb6 15. Qe3 Qc7 16. Qc5 axb4 17. axb4 Nbd7 18. Qe3 Re8 19. Nd2 Nf8 20. Nb3 Ne6 21. Nc5 Nxg5 22. Qxg5 Be6 23. Ra1 Rad8 24. Ne2 Nd7 25. Nxd7 Qxd7 26. Qe3 Ra8 27. Qb6 Bf8 28. Rad1 Reb8 29. Qe3 Qc7 30. Rb1 c5 31. bxc5 Bxc5 32. Qd2 b4 33. Ng3 Ra2 34. Qd1 Bd4 35. Ne2 Bc3 36. Nc1 Rba8 37. Nxa2 Rxa2 38. Qf3 Ra8 39. Rbd1 Bd4 40. h4 h5 41. Qf6 Bc5 42. Qg5 Be7 43. Qd2 Qc5 44. g3 Rd8 45. Kg2 Bc4 46. Qe3 Qxe3 47. fxe3 Be6 1/2-1/2